MARC details
| 000 -CABECERA |
| campo de control de longitud fija |
02447cab a2200301 a 4500 |
| 005 - FECHA Y HORA DE LA ÚLTIMA TRANSACCIÓN |
| campo de control |
20260415064245.0 |
| 008 - ELEMENTOS DE LONGITUD FIJA--INFORMACIÓN GENERAL |
| campo de control de longitud fija |
991125c2019 sp ar p o 000 0 spa d |
| 035 ## - NÚMERO DE CONTROL DEL SISTEMA |
| Número de control de sistema |
UPN01000236000 |
| 040 ## - FUENTE DE LA CATALOGACIÓN |
| Centro catalogador/agencia de origen |
MX-MxUPN |
| Lengua de catalogación |
spa |
| Normas de descripción |
aacr2 |
| 049 ## - COLECCIÓN |
| Colección |
ART-E |
| 100 1# - ASIENTO PRINCIPAL--NOMBRE PERSONAL |
| Nombre de persona |
Díaz Claudel, Inmaculada |
| 100 1# - ASIENTO PRINCIPAL--NOMBRE PERSONAL |
| Nombre de persona |
Martín Fernández, María Amor |
| 100 1# - ASIENTO PRINCIPAL--NOMBRE PERSONAL |
| Nombre de persona |
González López, Ignacio |
| 245 10 - MENCIÓN DE TÍTULO |
| Título |
Calidad educativa de los centros de ideario católico. Indicadores para su evaluación |
| Medio |
[recurso electrónico en línea] |
| 506 0# - NOTA DE RESTRICCIONES AL ACCESO |
| Limitaciones de acceso |
Acceso abierto |
| 520 3# - NOTA DE RESUMEN, ETC. |
| Sumario, etc. |
Las instituciones educativas necesitan atender a las demandas planteadas por la sociedad. Concretamente los centros de ideario católico, en su constante búsqueda de la excelencia educativa, la satisfacción de las familias y la mejora continua, deben establecer un sistema que gestione eficazmente todos los ámbitos de la organización y garantice su calidad. En este artículo se muestra el análisis bibliográfico realizado en torno a modelos de gestión de la calidad, que han destacado por sus resultados en el ámbito empresarial y sus adaptaciones al ámbito educativo. Se han analizado y combinado sus principios fundamentales para obtener unas dimensiones e indicadores con los que elaborar un modelo final aplicable a estos centros educativos. Con un proceso sistemático de análisis sobre los planteamientos de un estudio descriptivo-comparativo, se descubre la importancia del liderazgo, la organización y gestión de los procesos, y la formación de los profesionales que participan en el proceso. El modelo de gestión de la calidad, que se propone, está orientado concretamente a los centros concertados de ideario católico que imparten enseñanzas en las etapas de Educación Infantil, Educación Primaria y Educación Secundaria, llamados a res-ponder, con un proyecto propio, a su ideario y misión. |
| 650 #4 - ASIENTO SECUNDARIO DE MATERIA - TERMINO TEMATICO |
| Término de materia o nombre geográfico como elemento de entrada |
Calidad de la educación |
| 9 (RLIN) |
4684 |
| 650 #4 - ASIENTO SECUNDARIO DE MATERIA - TERMINO TEMATICO |
| Término de materia o nombre geográfico como elemento de entrada |
Evaluación educativa |
| 9 (RLIN) |
4298 |
| 650 #4 - ASIENTO SECUNDARIO DE MATERIA - TERMINO TEMATICO |
| Término de materia o nombre geográfico como elemento de entrada |
Educación |
| 9 (RLIN) |
682 |
| 650 #4 - ASIENTO SECUNDARIO DE MATERIA - TERMINO TEMATICO |
| Término de materia o nombre geográfico como elemento de entrada |
Gestión educacional |
| 9 (RLIN) |
2848 |
| 650 #4 - ASIENTO SECUNDARIO DE MATERIA - TERMINO TEMATICO |
| Término de materia o nombre geográfico como elemento de entrada |
Educación religiosa |
| 9 (RLIN) |
19070 |
| 650 #4 - ASIENTO SECUNDARIO DE MATERIA - TERMINO TEMATICO |
| Término de materia o nombre geográfico como elemento de entrada |
Educación |
| Subdivisión general |
Investigación |
| 9 (RLIN) |
4070 |
| 773 ## - ENLACE AL DOCUMENTO FUENTE/ENTRADA DE REGISTRO ANFITRIÓN |
| Parte(s) relacionada(s) |
Vol. 22 (2019), p. 47-68 |
| Título |
EA, escuela abierta : revista de investigación educativa |
| Número Internacional Normalizado para Publicaciones Seriadas |
2603-5928 |
| 856 40 - LOCALIZACIÓN Y ACCESO ELECTRÓNICOS |
| Identificador Uniforme del Recurso |
<a href="https://ea.ceuandalucia.es/index.php/EA/article/view/230/226">https://ea.ceuandalucia.es/index.php/EA/article/view/230/226</a> |
| 856 40 - LOCALIZACIÓN Y ACCESO ELECTRÓNICOS |
| Identificador Uniforme del Recurso |
<a href="https://doi.org/10.29257/EA22.2019.06">https://doi.org/10.29257/EA22.2019.06</a> |
| Nota pública |
Consultar articulo completo |
| 905 ## - TIPO DE MATERIAL |
| Tipo de material |
Articulo |
| 942 ## - ELEMENTOS DE PUNTO DE ACCESO ADICIONAL (KOHA) |
| Tipo de ítem Koha |
Artículo Electrónico |